UBT Library

STRUGGLE FOR SYNTHESIS (Record no. 58711)

000 -LEADER
fixed length control field 00313nam a22001457a 4500
008 - FIXED-LENGTH DATA ELEMENTS--GENERAL INFORMATION
fixed length control field 221101b ||||| |||| 00| 0 eng d
020 ## - INTERNATIONAL STANDARD BOOK NUMBER
International Standard Book Number 674845455
041 ## - LANGUAGE CODE
Language code of text/sound track or separate title eng
080 ## - UNIVERSAL DECIMAL CLASSIFICATION NUMBER
Universal Decimal Classification number 101
082 ## - DEWEY DECIMAL CLASSIFICATION NUMBER
Classification number 101 LOE
100 ## - Rafti
Rafti 44.1
101 ## - Shkurtesa
Shkurtesa FIL
245 ## - TITLE STATEMENT
Title STRUGGLE FOR SYNTHESIS
Statement of responsibility, etc LOEMKER L
942 ## - ADDED ENTRY ELEMENTS (KOHA)
Source of classification or shelving scheme
Item type Books
Holdings
Withdrawn status Lost status Source of classification or shelving scheme Damaged status Not for loan Collection code Permanent location Current location Date acquired Total Checkouts Full call number Barcode Date last seen Price effective from Koha item type
          Koleksioni i përgjithshem UBT - Lipjan UBT - Lipjan 11/01/2022   101 LOE 002-800028700260397 11/01/2022 11/01/2022 Books
          Koleksioni i përgjithshem UBT - Lipjan UBT - Lipjan 11/01/2022   101 EDW 002-800028700260398 11/01/2022 11/01/2022 Books
          Koleksioni i përgjithshem UBT - Lipjan UBT - Lipjan 11/01/2022   101 ANT 002-800028700260399 11/01/2022 11/01/2022 Books
UBT Library © 2015-2024. All rights reserved University Education for Business and Technology